000 00556nam a22001937a 4500
999 _c3591
_d3591
003 AR-CdUCM
008 190306b ||||| |||| 00| 0 spa d
040 _aMUNICIPALIDAD PROVINCIAL DEL CUSCO
_cBIBLIOTECA MUNICIPAL DEL CUSCO
082 _a869.56 /
_bM78
100 _a Morillas Torres, Pedro A
_911753
245 _aRaíces del futuro /
260 _aLima :
_bMosca Azul,
_c1993.
300 _a203 páginas ;
_c21 cm.
650 _aNovelas Peruanas
_9545
650 _aSiglo XX
_98
650 _aLiteratura
_983
942 _2ddc
_cLIBROS
945 _admma